Kraje które mają 4 litery w nazwie - Statystyki

Ogólne statystyki
  • Ten quiz został rozwiązany 2 067 razy
  • Średni wynik to 6 z 10
Statystyki odpowiedzi
Kontynent Kraj % Poprawnych
Ameryka Południowa Peru
74%
Ameryka Północna Kuba
69%
Azja Irak
64%
Azja Iran
64%
Azja Oman
59%
Azja Laos
49%
Afryka Czad
48%
Afryka Mali
48%
Afryka Togo
45%
Azja Cypr
33%
Nie znaleziono quizów pasujących do podanych kryteriów
Rozkład punktacji
Procent ludzi z każdym wynikiem
Percentyl według liczby udzielonych odpowiedzi
Twoja historia wyników
Nie rozwiązałeś tego quizu